Hidden mechanisms /
Uloženo v:
| Hlavní autoři: | , |
|---|---|
| Médium: | Neznámo |
| Jazyk: | English |
| Vydáno: |
Houston, Texas:
Pan American Cultural Exchange,
c1998.
|
| Témata: | |
| Tagy: |
Přidat tag
Žádné tagy, Buďte první, kdo vytvoří štítek k tomuto záznamu!
|
MARC
| LEADER | 000000000a22000000004500 | ||
|---|---|---|---|
| 001 | 001345 | ||
| 008 | 160831s1998 -usaaaa|rc||| 00| 0 eng d | ||
| 041 | 0 | |a inglés/portugués/español | |
| 082 | |a 700 |b K97h | ||
| 100 | 1 | |a Kumao, Heidi, 1964- | |
| 100 | 1 | |a Light Servicos de Eletricidade | |
| 245 | 1 | 0 | |a Hidden mechanisms / |c Heidi Kumao |
| 260 | |a Houston, Texas: |b Pan American Cultural Exchange, |c c1998. | ||
| 300 | |a 11 páginas: |b ilustraciones | ||
| 650 | 1 | 4 | |a ARTE |v CATALOGO |
| 942 | |2 ddc |c REF | ||
| 999 | |c 2564 |d 2564 | ||
